| 000 | 00966nam a2200229 a 4500 | ||
|---|---|---|---|
| 001 | 77154 | ||
| 003 | BD-RjUL | ||
| 005 | 20211209082931.0 | ||
| 008 | 200226s1985 bg ||||| |||| 00| 0 ben d | ||
| 035 | _a(BD-RjUL)77378 | ||
| 040 |
_aBD-RjUL _bben _cBD-RjUL _dBD-RjUL |
||
| 041 | _aben | ||
| 082 |
_223 _a934.92 _bZAB V-1 1985 |
||
| 100 | 1 |
_aযাকারিয়া, আ. কা. মো. _9239987 |
|
| 245 | 1 | 0 |
_aবাংলাদেশের প্রাচীন কীর্তি / _cআ. কা. মো যাকারিয়া |
| 260 |
_aঢাকা : _bবাংলাদেশ শিশু একাডেমী, _c[১৯৮৫] |
||
| 300 |
_aখন্ড. : _bচিত্র ; _c২২ সেমি. |
||
| 505 | 0 | _aখন্ড ১. (হিন্দু ও বৌদ্ধ যুগ) -- | |
| 650 |
_aপ্রাচীন ইতিহাস _zবাংলাদেশ _9239818 |
||
| 650 |
_aAncient History _zBangladesh _9239819 |
||
| 942 |
_2ddc _cBK |
||
| 999 |
_c77154 _d77154 |
||